[Event "Chicago op 26th"]
[Site "Chicago"]
[Date "2017.05.25"]
[Round "1"]
[White "Wang, Xiexin"]
[Black "Kambrath, Yannick"]
[Result "1/2-1/2"]
[WhiteElo "2000"]
[BlackElo "2326"]
[PlyCount "63"]
[EventDate "2017.05.25"]
[EventType "swiss"]
[EventRounds "9"]
[EventCountry "USA"]
[SourceTitle "CBM 178 Extra"]
[Source "ChessBase"]
[SourceDate "2017.06.22"]
[SourceVersion "1"]
[SourceVersionDate "2017.06.22"]
[SourceQuality "1"]

1. c4 Nf6 2. Nc3 g6 3. g3 Bg7 4. Bg2 0-0 5. d3 c6 6. Nf3 d5 7. 0-0 Re8 8. cxd5 cxd5 9. d4 Nc6 10. Bf4 b6 11. Nb5 Rf8 12. Nc7 Rb8 13. Rc1 Bb7 14. Ne5 Nxe5 15. dxe5 Ne4 16. e6 f5 17. Nb5 Bxb2 18. Rc2 Bf6 19. Nxa7 Ra8 20. Nb5 Ra5 21. Qb1 Ba6 22. Nc7 Bc4 23. Qxb6 Rxa2 24. Rxa2 Bxa2 25. Bh6 Bg7 26. Bxg7 Kxg7 27. Qb2+ d4 28. Qxa2 Qxc7 29. Bxe4 fxe4 30. Qd5 Qd6 31. Qxe4 Rf6 32. Rd1 1/2-1/2

[Event "US Open-117"]
[Site "Indianapolis"]
[Date "2016.08.03"]
[Round "5"]
[White "Wang, Xiexin"]
[Black "Shabalov, Alexander"]
[Result "0-1"]
[WhiteElo "1961"]
[BlackElo "2522"]
[PlyCount "74"]
[EventDate "2016.07.30"]
[EventType "swiss"]
[EventRounds "9"]
[EventCountry "USA"]
[SourceTitle "CBM 173 Extra"]
[Source "ChessBase"]
[SourceDate "2016.08.29"]
[SourceVersion "1"]
[SourceVersionDate "2016.08.29"]
[SourceQuality "1"]

1. c4 f5 2. Nc3 Nf6 3. g3 g6 4. Bg2 Bg7 5. e3 0-0 6. Nge2 Nc6 7. 0-0 b6 8. Rb1 Bb7 9. d4 Na5 10. b3 Bxg2 11. Kxg2 c6 12. Nf4 Qe8 13. Ba3 g5 14. Nd3 d6 15. Qe2 c5 16. d5 e6 17. dxe6 Qxe6 18. Bb2 Rae8 19. Qf3 Ne4 20. Nd5 g4 21. Qd1 Ng5 22. Ne1 Nc6 23. Bxg7 Kxg7 24. Nc7 Qe4+ 25. f3 gxf3+ 26. Nxf3 Re7 27. Nd5 Ne5 28. Nxe7 Nexf3 29. Kf2 Nxh2 30. Nd5 Nxf1 31. Kxf1 Re8 32. Rc1 Re6 33. Qh5 Nf7 34. Qh4 Qf3+ 35. Ke1 Rh6 36. Qf4 Rh1+ 37. Kd2 Qg2+ 0-1